000 00691nam a22002177a 4500
003 UA-OsUOA
001 118698
007 ta
008 20160913b un ||||| |||| 00| 0 ukr d
100 _aВарналій З.С.
090 _a330(477)
_bВ18
942 _cSA
040 _aUA-OsUOA
_bukr
_cUA-OsUOA
_dUA-OsUOA
245 _aБюджетна стратегія України: формування в умовах посилення євроінтеграційних процесів
300 _aС.124
955 _a0
041 _aukr
080 _a330(477)
773 0 _w118691
_tФінанси України
_dК.
_d2016
_g6
650 7 _a330 Економіка взагалі
_2UDC
999 _c404781
_d404781